000 00758nam2a22002411 4500
001 rc\154733
005 20250621061302.0
010 _a5-7532-0024-9
_930000
035 _a(NLR Aleph) 005614796
090 _a6445778
_c6445779
100 _a20030307d1995 |||y0rusy50 ca
101 0 _arus
102 _aRU
105 _aa |||||||||
200 0 _aЧ. 3
_fН.Я. Виленкин, Л.Г. Петерсон
210 _dБ. г. (1995)
_aБ. м.
215 _a96 с.
_cил.
461 0 _1001rc\154730
_12001#$aМатематика$e1-й кл.$vЧ. 3
_96445749
_cМ.
_dБ. г.
_nИНПРО-РЕС
_o1-й кл.
_tМатематика
_y575320001X
_vЧ. 3
801 0 _aRU
_bNLR
_gpsbo
801 1 _aRU
_bELAR
_2rusmarc
852 _aNLR
_j95-8/889
942 _cBOOK
980 _aNB